|
|
|
|
| LEADER |
00000cam a22000001i 4500 |
| 001 |
vtls009864294 |
| 003 |
SK-MaSNL |
| 005 |
20260301025749.0 |
| 008 |
210928s1975 xr ko rp 001 cze |
| 035 |
|
|
|a (SVKBBclas03)vtls000249933
|
| 040 |
|
|
|a SNK
|b slo
|c SNK
|e AACR2
|
| 041 |
1 |
|
|a cze
|h slo
|
| 044 |
|
|
|a xr
|c CZ
|
| 080 |
|
|
|a 614.2
|2 1981
|
| 080 |
|
|
|a 361
|2 1981
|
| 245 |
1 |
0 |
|a Organizace zdravotnictví
|b učebnice pro střední zdravotnické školy
|c Emil Makovický a kol. ; ze slovenštiny přel. Karel Záruba
|
| 250 |
|
|
|a 1. čes. vyd.
|
| 260 |
|
|
|a Praha
|b Avicenum
|c 1975
|e Praha
|f Státní tiskárna, n. p.;
|
| 300 |
|
|
|a 179 s. [1] s.
|b reg., fotogr.
|
| 650 |
0 |
7 |
|a zdravotníctvo
|2 hŠVKBB
|9 1269
|
| 650 |
0 |
7 |
|a organizácia
|2 hŠVKBB
|9 295053
|
| 700 |
1 |
|
|a Makovický, Emil,
|d 1910-2002
|9 102166
|
| 700 |
1 |
|
|a Záruba, Karel
|4 trl
|9 322355
|
| 852 |
|
|
|a Slovenská národná knižnica v Martine
|b 10000
|h SC 36978
|
| 958 |
|
|
|a OND
|
| 999 |
|
|
|c 573249
|d 575179
|
| 952 |
|
|
|a SNK
|b SNK
|y VYP
|7 0
|p 17A1186156
|o snkSC 36978 D1
|i snkKIP 7610/75
|3 Rekatalogizácia
|0 0
|1 0
|4 0
|d 2016-11-16
|l 0
|r 2026-02-23 14:23:24
|w 2026-02-23
|